00318nam a2200121Ia 4500008004100000041000800041082001400049100001800063245003700081260004200118300001900160999001700179241015s9999 xx 000 0 und d aeng a181.4 GUP aDikshit Gupta aPhilosophy, Science And Analysis bNew Delhi PublishersaNew Dehlic2015 a304;. P. 22 cm c41727d41727